US presidents who have visited Thailand - Statistics

General Stats
  • This quiz has been taken 29 times
  • The average score is 5 of 5
Answer Stats
Year Answer % Correct
2012 Barack Obama
100%
2008 George W. Bush
96%
1996 Bill Clinton
92%
1969 Richard Nixon
88%
1966 Lyndon B. Johnson
85%
No matching quizzes found
Score Distribution
Percent of People with Each Score
Percentile by Number Answered
Your Score History
You have not taken this quiz